000 00790nab a2200241u 4500
001 23099
003 HDC
007 c| |||a|c|aaaa
008 210315b20170206my ||||| |||| 00| 0 may d
040 _aHDC
100 _aNoorazura Abdul Rahman /
_eauthor
_98413
245 0 _aProduk bebola ikan dua label dirampas /
_cNoorazura Abdul Rahman
336 _atext
_2rdacontent
337 _acomputer
_2rdamedia
338 _aonline resource
_2rdacarrier
650 _afish ball products
_919846
650 _ahalal logo
_91692
710 _aBERITA HARIAN
856 _zRequest full-text at [email protected]
942 _2lcc
942 _cNEWS
942 _kNWSC 005077
999 _c20415
_d20415